| 000 | 01258nam a22003137a 4500 | ||
|---|---|---|---|
| 003 | EG-ScBUE | ||
| 005 | 20220328110054.0 | ||
| 008 | 090729s1998 ua f 000 0 ara d | ||
| 017 | _a98 / 8443 | ||
| 020 | _a9770157597 | ||
| 040 |
_aEG-ScBUE _bara _erda _cEG-ScBUE _dEG-ScBUE |
||
| 082 | 0 | 4 |
_222 _a843.8 _bف ي ر |
| 100 | 1 |
_98250 _aفيرن، جول، _d1828-1905، _eمؤلف. |
|
| 245 | 1 | 0 |
_aعشرون ألف فرسخ تحت الماء / _cتأليف جول فيرن ؛ ترجمة هند عبد الفتاح ؛ مراجعة مختار السويفي. |
| 264 | 1 |
_aالقاهرة : _bمكتبة الأسرة، _c1998. |
|
| 300 |
_a253 صفحة ؛ _c17 سم. |
||
| 336 |
_2rdacontent _aنص _btxt |
||
| 337 |
_2rdamedia _aبدون وسيط _bn |
||
| 338 |
_2rdacarrier _aمجلد _bnc |
||
| 490 | 0 | _aالأدب العالمي للناشئين | |
| 546 | _aالنص باللغة العربية وتم ترجمته من اللغة الإنجليزية. | ||
| 650 | 7 |
_98223 _aالقصص الإنجليزية _yقرن 19. _2BUEsh |
|
| 651 | _2BUEsh | ||
| 653 |
_bHHUUEENN _cMarch2022 |
||
| 655 |
_vReading book _934232 |
||
| 700 | 1 |
_aعبد الفتاح، هند، _eمترجم. |
|
| 700 | 1 |
_aالسويفي، مختار، _eمراجع. |
|
| 942 |
_2ddc _cBB |
||
| 999 |
_c12474 _d12474 |
||